000 00562nam a2200241Ia 4500
003 OSt
005 20220924142733.0
006 a|||||r|||| 00| 0
007 ta
008 ASM
020 _c30
024 _a303112
037 _cTextual
040 _aARTS
_cARTS
_bASM
041 _2ASM
_aASM
082 _aO158,3M84j, M3
100 _aBarakatki Ed.
_9213964
245 0 _aAmar venudhara
260 _c1983
650 _aASSAMESE LITERATURE
_911738
942 _hO158,3M84j, M3
_cTEXL
_2CC
999 _c451775
_d451775